000 00810nam a22002777a 4500
001 BR7603502
003 BR-BrBNA
005 20230928085031.0
007 ta
008 230509b bl.||||| |||| 00| 0 por d
040 _aBR-BrBNA
_bpor
_cBiblioteca Nacional de Agricultura
041 _a(Por)
072 _aP05; K50
_b8905
090 _ 8905 BR7603502
100 1 _aMello, M.G.
111 1 _a31. Congresso Anual da Associacao Brasileira de Metais
_cBelo Horizonte, MG (Brazil); Ouro Preto, MG (Brazil)
_dJul 1976
245 1 _aOpcao pela siderurgia a carvao vegetal
260 3 _a[np](Brasil):
_c[nd].
300 _a30 p.
500 _aPublished 1976?
650 _aCARVAO VEGETAL
650 _aINDUSTRIALIZACAO
650 _aMATERIA PRIMA
909 _a202309
_bLucia
_c55
_dLucia Elande
942 _cBK
999 _c22482
_d22482